Szczegóły MARC21

Collins illustrated atlas of the world.

001 -Numer Kontrolny Rekordu [,]
    • @
    • pole kontrolne
    • xx002969774
003 -Nazwa instytucji, której n kontrolny jest w polu 001 [,]
    • @
    • Nazwa instytucji, której n kontrolny jest w polu 001
    • NUKAT
005 -DATA I CZAS OSTATNIEJ MODYFIKACJI [,]
    • @
    • pole kontrolne
    • 20250828203805.0
007 -Forma fizyczna dok. kartograficznego/obrazu teledetekcyjnego [,]
    • @
    • Dane kontrolne - forma fizyczna
    • ad can|n
008 -ELEMENTY DANYCH STAŁEJ DŁUGOŚCI [,]
    • @
    • pole kontrolne
    • 131126s1997 xxkc e | 1 eng c
020 -Międzynarodowy znormalizowany numer książki - ISBN [ , ]
    • a
    • Numer ISBN
    • 0004483723 Find
034 -Zakodowane dane matematyczne [0, ]
    • a
    • Kod miary skali
    • a
040 -Instytucja sporządzająca opis [ , ]
    • a
    • Instytucja, która sporządziła opis (NP)
    • GD U/AJU
    • c
    • Instytucja, która sporządziła rekord (NP)
    • GD U/AJU
942 -Rodzaj dokumentu [ , ]
    • c
    • Rodzaj dokumentu
    • Kartografia-mapy,atlasy
245 -Strefa tytułu i oznaczenia odpowiedzialności [0,0]
    • a
    • Tytuł
    • Collins illustrated atlas of the world. Find
246 -Wariant tytułu [3,0]
    • a
    • Tytuł (NP)
    • Illustrated atlas of the world Find
250 -Strefa wydania [ , ]
    • a
    • Oznaczenie wydania (NP)
    • 2nd ed.
255 -Strefa danych matematycznych [ , ]
    • a
    • Strefa danych matematycznych
    • Skale różne.
260 -Strefa adresu wydawniczego [ , ]
    • a
    • Miejsce wydania (P)
    • London :
    • b
    • Nazwa wydawcy (P)
    • Harper Collins Publishers,
    • c
    • Data wydania (P)
    • 1997.
300 -Strefa opisu fizycznego [ , ]
    • a
    • Określenie formy książki i/lub objętość (NP)
    • 1 atlas (184 s.) :
    • b
    • Oznaczenie ilustracji (NP)
    • mapy kolor., fot. kolor., diagr., wykr. ;
    • c
    • Format (NP)
    • 32 cm.
336 -Typ zawartości [ , ]
    • a
    • Termin opisujący typ zawartości
    • Mapa 2D
    • b
    • Kod określający zawartość
    • cri
    • 2
    • Źródło
    • rdacontent
337 -Typ medium [ , ]
    • a
    • Tryb odtwarzania
    • Bez urządzenia pośredniczącego
    • b
    • Kod typu mediów
    • n
    • 2
    • Źródło (termin i kod)
    • rdamedia
338 -Typ nośnika [ , ]
    • a
    • Termin określający typ nośnika
    • Wolumin
    • b
    • Kod określający typ nośnika
    • nb
    • 2
    • Źródło (termin i kod)
    • rdacarrier
500 -Uwaga ogólna [ , ]
    • a
    • Uwaga ogólna (NP)
    • Rzeźba przedstawiona hipsometrią i batymetrią barwną.
504 -Uwaga dot. bibliografii załącznikowej [ , ]
    • a
    • Uwaga dot. bibliografii załącznikowej
    • Indeks nazw geogr.
651 -Hasło przedmiotowe w formie nazwy geograficznej [ ,7]
    • a
    • Nazwa geograficzna
    • Ziemia (planeta)
    • v
    • Określnik formalny
    • mapy.
    • 2
    • Źródło terminu
    • kaba
    • 9
    • KHW
    • 118351
655 -Hasło przedmiotowe - forma [ ,7]
    • a
    • Hasło - forma
    • Atlasy
    • y
    • Określnik chronologiczny
    • 1990-.
    • 2
    • Źródło terminu
    • kaba
    • 9
    • KHW
    • 360219
710 -Hasło dodatkowe - nazwa ciała zbiorowego [2, ]
    • a
    • Nazwa ciała zbiorowego lub nazwa geograficzna jako pierwszy element (NP)
    • HarperCollins Publishers.
    • 4
    • Kod relacji
    • pbl
    • 9
    • KHW
    • 64448
920 -ISBN [ , ]
    • a
    • ISBN
    • 0-00-448372-3 Find
Numer inwentarzowy Kierowanie Uwagi nie widoczne w OPAC Cena Akcesja Status udost. Kod kreskowy Data wprowadzenia opisu Sygnatura
BC.1043BMR0791629967.20 120052000104372017-06-27ANG. Atlasy 02